00511cam a22001577a 450000100100000000500170001000800410002702000150006804000250008308200190010810000290012724500620015626000900021830000210030865000240032900000091720200929145434.0760428s1975 quc 000 0 fre  a0885650018 aDO-SdBNPbspacBNPHU a848.914bG577r1 aGodbout, Jacques,d1933-13aLe réformiste :btextes tranquilles /cJacques Godbout. aMontréal :bQuinze : distributeur, Les Messageries internationales du livre,c1975. a199 p. ;c23 cm. 4aLiteratura francesa